| 000 | 00804cam a2200241 4500 | ||
|---|---|---|---|
| 001 | L129794 | ||
| 002 | 8745 | ||
| 002 | 8852 | ||
| 008 | 050520n2005 000 0 eng u | ||
| 020 |
_a1859461697 (RIBA Enterprises) _a0566086972 (Gower) |
||
| 035 | _a(Sirsi) u129794 | ||
| 041 | _aeng | ||
| 050 | _a692.8 | ||
| 100 | _aMorgan, D.Bryan | ||
| 245 | _aInternational construction contract management | ||
| 260 |
_aLondon _bRIBA Enterprises _c2005 |
||
| 300 |
_a322p. _c25cm. |
||
| 350 | _a45.00 | ||
| 520 | _aAn a to z reference guide for construction professionals working on overseas projects. Provides current interpretation under common law, civil code rules, and trade and industry practices. | ||
| 590 | _aIKA270905 | ||
| 690 | _aBUILT ENVIRONMENT-BUILDING CONTRACT FORMS | ||
| 942 | _n0 | ||
| 999 |
_c104278 _d104278 |
||